| 000 | 00520nam a2200205Ia 4500 | ||
|---|---|---|---|
| 008 | 150909s9999 xx 000 0 und d | ||
| 041 | _aEnglish | ||
| 082 | _a658 | ||
| 082 | _bWIL/CO | ||
| 100 | _aWilliams B | ||
| 100 | _eAuthor | ||
| 245 | _aCommunicating effectively : a managers guide to getting through to people | ||
| 260 | _aNew Delhi | ||
| 260 | _bStreling Publishers Pvt Ltd | ||
| 260 | _c1977 | ||
| 300 | _a117 Pages | ||
| 365 | _aRs.15 | ||
| 650 | _aManagement | ||
| 942 | _cBK | ||
| 999 |
_c232514 _d232514 |
||